| 000 | 00686nam a2200229Ia 4500 | ||
|---|---|---|---|
| 003 | OSt | ||
| 005 | 20220927105640.0 | ||
| 006 | a|||||r|||| 00| 0 | ||
| 007 | ta | ||
| 008 | 220926b |||||||| |||| 00| 0 eng d | ||
| 024 | _a194959 | ||
| 037 | _cReference Collections | ||
| 040 |
_aRTL _cRTL _beng |
||
| 041 |
_2eng _aeng |
||
| 082 | _a"Y, TD" | ||
| 100 |
_aDINESH MOHAN _9373924 |
||
| 245 | 0 |
_aSustainable transport system _b" lirikage between environmental issues, public transport, non motorised transport and safety" |
|
| 300 |
_a1-17 _ccm. |
||
| 700 |
_a TIWARI G _9373925 |
||
| 942 |
_h"Y, TD" _cCC |
||
| 999 |
_c693622 _d693622 |
||